000 00465nam a22001937a 4500
003 NUST - PNEC
005 20170116181134.0
008 150915b xxu||||| |||| 00| 0 eng d
020 _a0023214708
020 _a0029460808
040 _cLIBRARY
082 _a536.2 CHA
100 _910712
_aChapman, Alan J.
245 _aHeat transfer
_cAlan J. Chapman
250 _a4TH ed.
260 _cc.1989
650 _910651
_aHeat transfer
_xME
942 _2ddc
_cBK
999 _c70142
_d70142